| 000 | 00830nam a2200241 i 4500 | ||
|---|---|---|---|
| 001 | 182640 | ||
| 003 | ES-MaACL | ||
| 005 | 20231025134201.0 | ||
| 008 | 131008s2012 sp a | |||||||| | spa d | ||
| 020 | _a978-84-92937-30-1 | ||
| 080 | _a616.248-053.2 | ||
| 245 | 0 | 3 |
_aEl asma en la infancia y adolescencia / _cdirigido por Ángel López-Silvarrey Varela, Javier Korta Murua. |
| 250 | _a1ª ed. | ||
| 260 |
_aMadrid : _bFundación BBVA, _c2012. |
||
| 300 |
_a246 p. : _bil. col. ; _c24 cm. |
||
| 504 | _aIncluye referencias bibliográficas e índice. | ||
| 650 | 4 |
_aAsma en niños. _9153573 |
|
| 700 | 1 |
_aLópez-Silvarrey Varela, Ángel. _9153574 |
|
| 700 | 1 |
_aKorta Murua, Javier. _9153575 |
|
| 852 |
_aES-MaACL _jA-12793 _9189557 _bR.149001 _cDEPO1 _dOlim: N-5793 |
||
| 942 |
_2udc _cMONOGRAFIA |
||
| 999 |
_c182640 _d182640 |
||